| 000 | 01446cam a22003617a 4500 | ||
|---|---|---|---|
| 001 | 12631576 | ||
| 003 | OSt | ||
| 005 | 20160525165911.0 | ||
| 008 | 011228s2001 enka b 001 0 eng d | ||
| 010 | _a 2001279369 | ||
| 015 | _aGBA0-Y1735 | ||
| 020 | _a0340742151 | ||
| 035 | _a(OCoLC)ocm43969142 | ||
| 040 |
_aUKM _cUKM _dOCLCQ _dCOU _dDLC |
||
| 042 | _alccopycat | ||
| 050 | 0 | 0 |
_aRC168.P15 _bH865 2001 |
| 082 | 0 | 0 |
_aQW 1655 _221 _bH883 2001 |
| 245 | 0 | 0 |
_aHuman papillomaviruses : _bclinical and scientific advances / _cedited by Jane C. Sterling and Stephen K. Tyring. |
| 260 |
_aLondon ; _aNew York : _bArnold ; _aNew York : _bDistributed in the United States of America by Oxford University Press, _c2001. |
||
| 300 |
_avi, 153 p. : _bcol.ill; _c31 cm. |
||
| 504 | _aIncludes bibliographical references and index. | ||
| 650 | 0 |
_aPapillomaviruses _xHealth aspects. _98933 |
|
| 650 | 2 |
_aPapillomavirus, Human. _98934 |
|
| 650 | 2 |
_aPapovaviridae Infections. _98935 |
|
| 650 | 4 |
_aPapillomaviruses. _98936 |
|
| 700 | 1 |
_aSterling, Jane. _98937 |
|
| 700 | 1 |
_aTyring, Stephen K. _98938 |
|
| 856 | 4 | 1 |
_3Table of contents only _uhttp://www.loc.gov/catdir/enhancements/fy0611/2001279369-t.html |
| 856 | 4 | 2 |
_3Publisher description _uhttp://www.loc.gov/catdir/enhancements/fy0611/2001279369-d.html |
| 906 |
_a7 _bcbc _ccopycat _d2 _encip _f20 _gy-gencatlg |
||
| 942 |
_2ddc _cO_SHELF |
||
| 999 |
_c4149 _d4149 |
||